Countries With the Letter B - Statistics

General Stats
  • This quiz has been taken 134 times
  • The average score is 36 of 46
Answer Stats
Countries % Correct
Brazil
96%
Barbados
92%
Belgium
92%
Belarus
91%
Bahamas
90%
Bangladesh
90%
Bolivia
89%
Botswana
88%
Bahrain
87%
Bosnia andHerzegovina
87%
Zimbabwe
87%
Belize
86%
Brunei
86%
Bulgaria
86%
Bhutan
85%
Zambia
85%
Albania
82%
Benin
82%
Burundi
81%
Azerbaijan
80%
Colombia
80%
Burkina Faso
78%
Cambodia
78%
Saudi Arabia
78%
Democratic Republicof the Congo
77%
Cuba
75%
Luxembourg
75%
Namibia
75%
United ArabEmirates
75%
Gambia
74%
Lebanon
74%
Republic ofthe Congo
74%
Uzbekistan
74%
Antigua andBarbuda
73%
Libya
73%
Djibouti
72%
Dominican Republic
71%
Gabon
71%
Mozambique
71%
Serbia
71%
Central AfricanRepublic
70%
Guinea-Bissau
70%
Liberia
69%
Trinidad and Tobago
67%
Kiribati
66%
Czech Republic
59%
No matching quizzes found
Score Distribution
Percent of People with Each Score
Percentile by Number Answered
Your Score History
You have not taken this quiz